Normal view MARC view
  • Mouncey P, Ed

Entry Personal Name

Number of records used in: 1

001 - CONTROL NUMBER

  • control field: 119199

003 - CONTROL NUMBER IDENTIFIER

  • control field: OSt

005 - DATE AND TIME OF LATEST TRANSACTION

  • control field: 20230206213310.0

008 - FIXED-LENGTH DATA ELEMENTS

  • fixed length control field: 230206|| aca||aabn | a|a d

040 ## - CATALOGING SOURCE

  • Original cataloging agency: OSt
  • Transcribing agency: OSt

100 ## - HEADING--PERSONAL NAME

  • Personal name: Mouncey P, Ed

670 ## - SOURCE DATA FOUND

  • Source citation: Work cat.: (OSt)97647: Mouncey P, Ed., International Journal of Market Research , 2008